Hity polskiego internetu 1-Kolega Ignacy - Statystyki

Ogólne statystyki
  • Ten quiz został rozwiązany 704 razy
  • Średni wynik to 4 z 11
Statystyki odpowiedzi
Hint Odpowiedź % Poprawnych
Kabel od internetu Jestem Hardkorem
70%
Chłopak próbuje robić salto Rob salto Kiemon
59%
Murzyn po piwie siema eniu
56%
NIeudany skok bolidem pawel jumper
52%
Akcja sam na sam zawodnik nie strzela bramki(nizsza liga)(krzyk kibica) daj kamienia
47%
Najlepsze rapsy żelipapą lech roch pawlak
38%
"no ale osiemnastka" nie ma takiego bicia
25%
Najlepsze poradniki komputerowe kamil steinbach
19%
TOMB RAIDER jak pan spedzi sylwestra
12%
2 starsze kobiety wywiad marihunaen
11%
Robił teledyski do roznych utworow m.in. pokemon tapirek86
0%
Nie znaleziono quizów pasujących do podanych kryteriów
Rozkład punktacji
Procent ludzi z każdym wynikiem
Percentyl według liczby udzielonych odpowiedzi
Twoja historia wyników
Nie rozwiązałeś tego quizu